| 000 | 01163cam a22003254a 4500 | ||
|---|---|---|---|
| 001 | 5613 | ||
| 003 | FISKH | ||
| 005 | 20250826104858.0 | ||
| 008 | 050819s2006 nyua j 001 0 eng | ||
| 010 | _a 2005024299 | ||
| 020 | _a0516249606 (lib. bdg.) | ||
| 020 | _a9780516249605 | ||
| 040 |
_aDLC _cDLC _dDLC _beng |
||
| 050 | _aQA113.D3576 | ||
| 082 | 0 | 0 | _a513.2 |
| 100 | 1 |
_aDalton, Julie, _d1951- |
|
| 245 | 1 | 0 |
_aMaking change at the fair / _cby Julie Dalton. |
| 260 |
_aNew York : _bChildren's Press, _c2006. |
||
| 300 |
_a31 pages : _bcolor illustrations ; _c19 cm |
||
| 440 | 0 | _aRookie read-about math | |
| 505 | _aJ | ||
| 520 | _aThe popular Rookie Books expand their horizons - to all corners of the globe! With this series all about geography, emergent readers will take off on adventures to cities, nations, waterways, and habitats around the world...and right in their own backyards. | ||
| 521 | 8 |
_a470
_bLexile |
|
| 521 | 8 |
_aJ
_bRaz-Plus |
|
| 650 | 0 |
_aCounting _vJuvenile literature. |
|
| 650 | 0 |
_aMoney _vJuvenile literature. |
|
| 906 |
_a7 _bcbc _corignew _d1 _eecip _f20 _gy-gencatlg |
||
| 942 |
_2ddc _cBK _n0 |
||
| 999 |
_c5613 _d5613 |
||